Coming alive in the Spirit: (Record no. 12572)

000 -LEADER
fixed length control field 00625nam a2200193 a 4500
001 - CONTROL NUMBER
control field :::00010379$&:&@@
003 - CONTROL NUMBER IDENTIFIER
control field OkBaRHE
005 - DATE AND TIME OF LATEST TRANSACTION
control field 20000607103358.0
008 - FIXED-LENGTH DATA ELEMENTS--GENERAL INFORMATION
fixed length control field s1985 j 000 0 eng u
040 ## - CATALOGING SOURCE
Transcribing agency
100 1# - MAIN ENTRY--PERSONAL NAME
Personal name Rowlands, Gerald and Sekowsky, JoAnne.
245 10 - TITLE STATEMENT
Title Coming alive in the Spirit:
Remainder of title the Spirit-led life.
260 ## - PUBLICATION, DISTRIBUTION, ETC. (IMPRINT)
Place of publication, distribution, etc Lynnwood, WA., :
Name of publisher, distributor, etc Aglow Publications
Date of publication, distribution, etc c1985
300 ## - PHYSICAL DESCRIPTION
Extent 63 p. ;
Dimensions 21 cm.
490 0# - SERIES STATEMENT
Series statement Basic Bible study series.
650 ## - SUBJECT ADDED ENTRY--TOPICAL TERM
Topical term or geographic name as entry element Spiritual Life
942 ## - ADDED ENTRY ELEMENTS (KOHA)
Source of classification or shelving scheme
Koha item type Books
Copies
Koha item type Damaged status Price effective from Lost status Source of classification or shelving scheme Barcode Shelving location Date acquired Copy number Full call number Date last seen Not for loan Withdrawn status Permanent Location
Books 2010-04-14  10379General Stacks2010-04-141BV 4501 .C6R622010-04-14  RHEMA Bible Training College